000 00770nam a2200265Ia 4500
003 OSt
005 20221005081703.0
006 a|||||r|||| 00| 0
007 ta
008 221004b |||||||| |||| 00| 0 eng d
020 _a812190532X (pbk)
024 _a24244
037 _cTextual
040 _aCRL
_cCRL
_beng
041 _2eng
_aeng
082 _aV2.N7<--L07, M3;P8-;1
100 _aGrover B L
_9103004
245 0 _aNew look at modern Indian history from 1707 to present day
_b Special features
260 _aNew Delhi
_bS. Chand & Company India
_c1993
300 _a673p.
_ccm.
650 _aHISTORY
700 _a Grover S
_9611284
942 _hV2.N7<--L07, M3;P8-;1
_cTEXL
_2cc
999 _c988133
_d988133